000 00379nam a22001457a 4500
003 MACL
005 20190817160436.0
008 190817b xxu||||| |||| 00| 0 eng d
040 _cMACL
100 _aBrahma , Nalini Kanta
_976318
245 _aPhilosophy of Hindu Sadhana
260 _aDelhi
_bBharatiya kala Prakashan
_c2017
650 _aPhilosophy
_976319
942 _2ddc
_cBK
999 _c60787
_d60787